000 00484cam a22001457a 4500
008 180718b2001 xxu||||| |||| 00| 0 eng d
100 _aReinikka, Ritva
245 _aExplaining leakage of public funds
_cby Ritva Reinikka and Jakob Svensson
260 _aWashington, D.C.
_bWorld Bank
_c2001
300 _a34p.
440 _aPolicy research working paper 2709
650 _aElementary schools --Uganda --Finance
650 _aEducation --Uganda --Finance
700 _aSvensson, Jakob
999 _c287340
_d287340